Normal view
MARC view
- ISLAM-AQWAL-E-ZAREEN KAW ENCYCLOPEDIA.AQWAL-E-ZAREEN KAW ENCYCLOPEDIA
Entry Topical Term
001 - CONTROL NUMBER
- control field: 63970
003 - CONTROL NUMBER IDENTIFIER
- control field: NUST
005 - DATE AND TIME OF LATEST TRANSACTION
- control field: 20210628203214.0
008 - FIXED-LENGTH DATA ELEMENTS
- fixed length control field: 210628|| aca||aabn | a|a d
040 ## - CATALOGING SOURCE
- Original cataloging agency: NUST
- Transcribing agency: NUST
150 ## - HEADING--TOPICAL TERM
- Topical term or geographic name entry element: ISLAM-AQWAL-E-ZAREEN KAW ENCYCLOPEDIA.AQWAL-E-ZAREEN KAW ENCYCLOPEDIA
670 ## - SOURCE DATA FOUND
- Source citation: Work cat.: (NUST): Nazir Anbalvi 63969, Aqwal-e-zareen kaw encyclopedia , mashreer alam kay aqwal kaw encyclopedia, 2006
